Russian Civil War Participants - Statistics

General Stats
  • This quiz has been taken 207 times
  • The average score is 8 of 62
Answer Stats
Timeline of involvement Nation/Breakaway State/Armed Militia/Soviet State % Correct
1917-1920 Ukraine
81%
1918-1920 Estonia
70%
1918-1920 Latvia
70%
1918-1920 Lithuania
68%
1917-1920 Finland
67%
1918-1921 Poland
66%
1918-1921 Georgia
54%
1918-1920 Azerbaijan
43%
1918-1919 Crimea
21%
1920 Bukhara
18%
1917-1922 Russian SFSR
18%
1918-1923 Karelia
17%
1918-1922 Green Ukraine
16%
1920-1922 Far Eastern Republic
14%
1917-1918 Russian Republic
14%
1917-1922 Ukrainian SSR
14%
1918-1920 Khiva
13%
1918-1919 West Ukraine
12%
1919-1922 Belarussian SSR
11%
1918-1920 Don Republic
11%
1917-1919 South Russia
11%
1917-1922 Altai
10%
1918-1920 Russian State
10%
1918-1922 Basmachi
9%
1918-1920 Latvian SSR
9%
1918-1919 Lithuanian SSR
9%
1918-1920 Turkestan
9%
1918 Yakutia
9%
1918-1920 Kuban Republic
6%
1917-1918 Moldavia
6%
1920-1922 Armenian SSR
5%
1921-1922 Georgian SSR
4%
1922 Transcaucasian SFSR
4%
1919-1920 North Ingria
3%
1918-1920 North Russia
3%
1918-1919 Estonian Commune
2%
1918-1919 Aras
1%
1920-1922 Azerbaijan SSR
1%
1918 Baku Commune
1%
1919 Bessarabian SSR
1%
1920-? Bukharan PSR
1%
1920-1922 Central Lithuania
1%
1918 Centrocaspia
1%
1918 Finnish SWR
1%
1920 Galician SSR
1%
1920-? Khorezm PSR
1%
1918 Komuch
1%
1917-1921 Northern Caucusus
1%
1918-1919 Northwest Russia
1%
1920-1921 Persian SSR
1%
1918 Transcaucacia
1%
1917-1921 Buryat-Mongolia
0%
1919-1920 Caucacian Emirate
0%
1918 D-KRSR
0%
1920 Eastern Okrainia
0%
1918 Odessa SR
0%
1918 Omsk Siberian Government
0%
1920 Polrewkom
0%
1921-? Provisional Priamurye Government
0%
1918 Provisional Regional Government of the Urals
0%
1918 Taurida SSR
0%
1918 Vladivostok Siberian Government
0%
No matching quizzes found
Score Distribution
Percent of People with Each Score
Percentile by Number Answered
Your Score History
You have not taken this quiz